000 00502nam a2200193Ia 4500
005 20250508161517.0
008 008 250505s9999 xx 000 0 hin d
037 _aTextual
040 _aFEDL
_beng
_cFEDL
041 _ahin
_2eng
084 _a537, NAT
_qFEDL
100 _aNatkin J Rom J
_9770816
245 0 _aBijli
260 _aDelhi, India
_bShiksha Bharti
_c1960
300 _a48p.
700 _a Golkin Sidny
_9770817
942 _cTEXL
_h537, NAT
999 _c1370422
_d1370422